A Metro Kereskedelmi Kft. online és offline Marketingkommunikációs tevékenységei
| Main Author: | |
|---|---|
| Other Authors: | |
| Format: | Project work |
| Kulcsszavak: | kereskedelem marketing marketingkommunikáció online marketing vállalati marketing |
| Online Access: | http://dolgozattar.uni-bge.hu/59716 |
MARC
| LEADER | 00000nnm a2200000 i 4500 | ||
|---|---|---|---|
| 001 | dolg59716 | ||
| 005 | 20260409145452.0 | ||
| 008 | 260409suuuu hu o 000 hun d | ||
| 040 | |a BGE Dolgozattár Repozitórium |b hun | ||
| 041 | |a hu | ||
| 100 | 1 | |a Véber Elizabet | |
| 245 | 1 | 2 | |a A Metro Kereskedelmi Kft. online és offline Marketingkommunikációs tevékenységei |c Véber Elizabet |h [elektronikus dokumentum] |
| 516 | |a Project_work | ||
| 520 | 3 | |a A dolgozat célja a Metro Kereskedelmi Kft. marketingkommunikációs stratégiájának átfogó elemzése. Az elméleti részben bemutatásra kerülnek a marketingkommunikációs stratégiák alapjai. A kutatás középpontjában a Metro marketingkommunikációs csatornáinak és eszközeinek vizsgálata áll, különös figyelmet fordítva az online és offline eszközökre. Az esettanulmány a vállalat kommunikációs stratégiájának részletes elemzésére fókuszál, amelyhez kérdőíves felmérést alkalmaztam a célcsoport véleményének mérésére. A dolgozat végén összegzés és javaslatok találhatók, amelyek a Metro marketingkommunikációs tevékenységeinek fejlesztésére irányulnak, különös figyelmet szentelve az offline események szerepére a vállalat kommunikációs stratégiájában. | |
| 695 | |a kereskedelem | ||
| 695 | |a marketing | ||
| 695 | |a marketingkommunikáció | ||
| 695 | |a online marketing | ||
| 695 | |a vállalati marketing | ||
| 700 | 1 | |a Sarkadi Katalin |e ths | |
| 856 | 4 | 0 | |u http://dolgozattar.uni-bge.hu/59716/1/Szakdolgozat_V%C3%A9ber_Elizabet_final.pdf |z Dokumentum-elérés |
| 856 | 4 | 0 | |u http://dolgozattar.uni-bge.hu/59716/2/KM%20FOSZK%20bi%CC%81ra%CC%81lati%20lap_Ve%CC%81ber_Elizabet_SarkadiKatalin_2025_05_27.pdf |z Dokumentum-elérés |